| 000 | 00592nam a2200205 i 4500 | ||
|---|---|---|---|
| 001 | 19184 | ||
| 003 | ES-MaACL | ||
| 005 | 20250809040607.0 | ||
| 007 | t| | ||
| 008 | 020701s2002 sp ||||1| spa d | ||
| 020 | _a84-607-4720-4 | ||
| 080 | _a347(460) | ||
| 100 | 1 |
_aGutiérrez Peña, Florencio, _d1953- _9175692 |
|
| 245 | 1 | 0 |
_aMiscelánea de derecho privado / _cFlorencio Gutiérrez Peña. |
| 260 |
_aMadrid : _b[s.n.], _c2002. |
||
| 300 |
_a510 p. ; _c24 cm. |
||
| 650 | 1 | 7 |
_aDerecho civil _2embne _911656 |
| 852 |
_aES-MaACL _jL-25618 _bR.131685 |
||
| 999 |
_c19184 _d19184 |
||